000 00790na a2200253 4500
001 23903
003 MIRAKIL
005 20181213154940.0
008 180118b tu 000 0
020 _a9786059050968
040 _aMilas
_btur
_cTR-AnCHP
041 _atur
082 _a347.052
_bV86a 2016
090 _a347.052 V86a 2016
100 _aVural, Sedat
245 _aAvukat halkın ve hakkın dilidir III
_cSedat Vural
260 _aAnkara
_bAnkara Barosu yayınları
_c2016
_fSalmat Basım Yayıncılık
300 _a361 s.
_c24 sm.
500 _aYapıt yazarından imzalıdır.
500 _aCHP Genel Başkan Yardımcısı Yasemin Öney Cankurtaran bağışıdır.
650 _aHukuk
_xTürkiye
650 _aAvukatlık
_xDava ve savunma
_zTürkiye
942 _2ddc
_cBKS
999 _c3699
_d3699